Moby Dick (Registo nº 3886)

Detalhes MARC
000 -Etiqueta do registo
Cabeçalho 00740nbm0a2200229 4500
005 - Identificador da versão
Campo de controlo 20240813122046.0
100 ## - Dados gerais de processamento
Dados gerais de processamento 20170317d1983 e y0pory5003 ba
102 ## - Pais de publicação ou produção
País de publicação Portugal
101 0# - Língua de publicação
Língua do texto, banda sonora, etc. Português
Língua do documento no original Inglês
215 ## - Descrição física 
Indicação específica da natureza do documento e extensão da espécie 48 p.
Outras indicações físicas il. color
200 1# - Titulo e menção de responsabilidade
Título próprio Moby Dick
Primeira menção de responsabilidade segundo a obra de Herman Melville
Outras menções de responsabilidade adaptação Jean Ollivier
-- desenho Paul Gillon
210 ## - Publicação, Distribuição, etc. 
Lugar da edição, distribuição, etc. [S. l.]
Nome do editor, distribuidor, etc. Civilização
Data da publicação, distribuição, etc. [1984?]
Data da impressão imp. 1984
606 ## - Nome comum usado como assunto
Número de registo de entrada de autoridade 0001799
Palavra de ordem Literatura americana
Subdivisão de assunto Banda desenhada
Código do sistema CA
675 ## - Classificação Decimal Universal (CDU)
Notação 821.11(73)(084.11)
Edição 3ª ed.
Língua da edição por
702 #1 - Nome de autor-pessoa física (responsabilidade secundária)
Número de registo de entrada de autoridade 0001814
Palavra de ordem Ollivier
Outra parte do nome não tomada para palavra de ordem Jean
Código de função Adaptador
Número de registo de entrada de autoridade 0001815
Palavra de ordem Gillon
Outra parte do nome não tomada para palavra de ordem Paul
Código de função Ilustrador / Técnico de desenho computorizado
700 #0 - Nome de autor-pessoa física (responsabilidade principal)
Número de registo de entrada de autoridade 0001813
Palavra de ordem Melville
Outra parte do nome não tomada para palavra de ordem Herman
Datas 1819-1891
966 ## - Identificação da Biblioteca
Sigla EBVEN
942 ## - Elementos de entrada adicionados (Koha)
Tipo de item no Koha Livro
Exemplares
Situação do levantamento Origin of item (home branch) (coded) Biblioteca de empréstimo Código de barras Cota Circulation type (not for loan) Tipo de documento Nota do exemplar Damaged status
  Biblioteca Escolar das Vendas Biblioteca Escolar das Vendas BEV574 8BD MOB   Livro Sem mensagem